Стена. Избр. произведения: [18+]; [НЕЗАКОННОЕ ПОТРЕБЛЕНИЕ НАРКОТИЧЕСКИХ СРЕДСТВ, ПСИХОТРОПНЫХ ВЕЩЕСТВ, ИХ АНАЛОГОВ ПРИЧИНЯЕТ ВРЕД ЗДОРОВЬЮ, ИХ НЕЗАКОННЫЙ ОБОРОТ ЗАПРЕЩЁН И ВЛЕЧЕТ УСТАНОВЛЕННУЮ ЗАКОНОДАТЕЛЬСТВОМ ОТВЕТСТВЕННОСТЬ]; [Перевод]; Тошнота; Слова; Стена; Мухи; Дьявол и Господь Бог
| मुख्य लेखक: | |
|---|---|
| अन्य लेखक: | , , |
| भाषा: | रूसी |
| प्रकाशित: |
Москва, Политиздат, 1992
|
| TOC: | Тошнота; Слова; Стена; Мухи; Дьявол и Господь Бог; |
| स्वरूप: | पुस्तक |
| KOHA link: | https://koha.lib.tpu.ru/cgi-bin/koha/opac-detail.pl?biblionumber=79716 |
MARC
| LEADER | 00000nam0a2200000 4500 | ||
|---|---|---|---|
| 001 | 79716 | ||
| 005 | 20260407160550.0 | ||
| 010 | |a 5250017355 | ||
| 035 | |a (RuTPU)RU\TPU\book\85695 | ||
| 090 | |a 79716 | ||
| 100 | |a 20050825d1992 m a0rusy5003 ca | ||
| 101 | 1 | |a rus |c fre | |
| 102 | |a RU | ||
| 105 | |a a z 000ay | ||
| 200 | 1 | |a Стена. Избр. произведения |e [18+] |e [НЕЗАКОННОЕ ПОТРЕБЛЕНИЕ НАРКОТИЧЕСКИХ СРЕДСТВ, ПСИХОТРОПНЫХ ВЕЩЕСТВ, ИХ АНАЛОГОВ ПРИЧИНЯЕТ ВРЕД ЗДОРОВЬЮ, ИХ НЕЗАКОННЫЙ ОБОРОТ ЗАПРЕЩЁН И ВЛЕЧЕТ УСТАНОВЛЕННУЮ ЗАКОНОДАТЕЛЬСТВОМ ОТВЕТСТВЕННОСТЬ] |e [Перевод] |f Ж. П. Сартр |g авт. предисл. С. Зенкин; худож. М. Л. Уранова; сост. А. А. Лаврова | |
| 210 | |a Москва |c Политиздат |d 1992 | ||
| 215 | |a 478,[1] с. |c ил. |d 22 см | ||
| 464 | |t Тошнота |o Роман | ||
| 464 | |t Слова |o Повесть | ||
| 464 | |t Стена |o Рассказ | ||
| 464 | |t Мухи |o Драма в 3 актах | ||
| 464 | |t Дьявол и Господь Бог |o Пьеса в 3 актах и 11 картинах | ||
| 675 | |a 84 | ||
| 700 | 1 | |a Сартр |b Ж. П. |c французский писатель |c философ |c публицист |f 1905-1980 |g Жан Поль |3 (RuTPU)RU\TPU\pers\1274 |9 569 | |
| 702 | 1 | |a Зенкин |b С. |4 080 | |
| 702 | 1 | |a Уранова |b М. Л. |4 440 | |
| 702 | 1 | |a Лаврова |b А. А. |4 220 | |
| 801 | 0 | |a RU |b RuMRKP |c 19950417 |g psbo | |
| 801 | 1 | |a RU |b 63413507 |c 20050825 |g PSBO | |
| 801 | 2 | |a RU |b 63413507 |c 20051114 |g PSBO | |
| 830 | |a *изданиеподлежащеемаркировке | ||
| 942 | |c BK | ||